Dime dónde está / (Record no. 108560)

MARC details
000 -LEADER
campo de control de longitud fija 00715nam a2200229 i 4500
001 - NÚMERO DE CONTROL
campo de control 108560
003 - IDENTIFICADOR DE NÚMERO DE CONTROL
campo de control ES-MaACL
005 - FECHA Y HORA DE LA ÚLTIMA TRANSACCIÓN
campo de control 20251013193705.0
007 - CAMPO FIJO DE DESCRIPCIÓN FÍSICA--INFORMACIÓN GENERAL
campo de control de longitud fija t|
008 - DATOS DE LONGITUD FIJA--INFORMACIÓN GENERAL
campo de control de longitud fija 061121s1969 sp a |||| | spa d
100 1# - ENTRADA PRINCIPAL--NOMBRE DE PERSONA
Nombre de persona Monlau, Simonne.
9 (RLIN) 82227
245 10 - MENCIÓN DEL TÍTULO
Título Dime dónde está /
Mención de responsabilidad, etc. Simonne Monlau, Georges Monlau ; ilustrada por Philippe Daure, Jacques Poirier, Ismael Balanya.
250 ## - MENCION DE EDICION
Mención de edición 1ª ed.
260 ## - PUBLICACIÓN, DISTRIBUCIÓN, ETC.
Lugar de publicación, distribución, etc. Barcelona :
Nombre del editor, distribuidor, etc. Argos,
Fecha de publicación, distribución, etc. 1969.
300 ## - DESCRIPCIÓN FÍSICA
Extensión 186 p. :
Otras características físicas il. ;
Dimensiones 28 cm.
700 1# - ENTRADA AGREGADA--NOMBRE PERSONAL
Nombre de persona Monlau, Georges.
9 (RLIN) 82225
700 1# - ENTRADA AGREGADA--NOMBRE PERSONAL
Nombre de persona Daure, Philippe.
9 (RLIN) 42832
700 1# - ENTRADA AGREGADA--NOMBRE PERSONAL
Nombre de persona Poirier, Jacques.
9 (RLIN) 92764
700 1# - ENTRADA AGREGADA--NOMBRE PERSONAL
Nombre de persona Balanyà, Ismael,
Fechas asociadas al nombre 1921-
9 (RLIN) 161475
852 ## - LOCALIZACIÓN
Ubicación ES-MaACL
Número de control de estantería C-41015
Holdings
Estatus retirado Estado de pérdida Estado de daño No para préstamo Biblioteca de origen Biblioteca actual Ubicación en estantería Fecha de adquisición Fuente de adquisición Total de préstamos Signatura topográfica completa Código de barras Visto por última vez Precio de reemplazo Tipo de ítem Koha
        Biblioteca del Ateneo de Madrid Biblioteca del Ateneo de Madrid Depósito 2 17/01/2008     C-41015 1113277 23/02/2023 23/02/2023 Libro impreso